| 000 | 00723cam a22002413a 4500 | ||
|---|---|---|---|
| 001 | 12077 | ||
| 003 | PGUSA | ||
| 005 | 20140828083244.0 | ||
| 008 | 040401s2004||||xxu|||||s|||||000 | eng d | ||
| 040 |
_aPGUSA _beng |
||
| 042 | _adc | ||
| 050 | 4 | _aDS | |
| 100 | 1 |
_aWorcester, Dean C. _q(Dean Conant), _d1866-1924 |
|
| 245 | 1 | 4 |
_aThe Philippines : _bPast and Present (Volume 1 of 2) _h[electronic resource] / _cDean C. Worcester |
| 260 |
_bProject Gutenberg, _c2004 |
||
| 506 | _aPublic domain in the USA. | ||
| 516 | _aElectronic text | ||
| 653 | _aPhilippines | ||
| 653 | _aPhilippines -- History -- 1898-1946 | ||
| 830 | 0 |
_aProject Gutenberg _v12077 |
|
| 856 | 4 | 0 | _uhttp://www.gutenberg.org/ebooks/12077 |
| 942 | _cEB | ||
| 999 |
_c241332 _d241332 |
||